[Event "Chorzow 2011"]
[Site "Chorzow"]
[Date "2011.03.29"]
[Round "4.1"]
[White "Kalinin, Oleg"]
[Black "Koziak, Vitali"]
[Result "1/2-1/2"]
[WhiteElo "2375"]
[BlackElo "2471"]
[PlyCount "29"]
[EventDate "2011.??.??"]

1. d4 d5 2. c4 dxc4 3. Nf3 Nf6 4. e3 e6 5. Bxc4 c5 6. O-O a6 7. dxc5 Qxd1 8.
Rxd1 Bxc5 9. a3 O-O 10. b4 Be7 11. Bb2 Nbd7 12. Nbd2 b5 13. Be2 Bb7 14. Nb3
Rfc8 15. Rac1 1/2-1/2

[Event "Chorzow 2011"]
[Site "Chorzow"]
[Date "2011.03.29"]
[Round "4.2"]
[White "Osipow, Nikolaj"]
[Black "Piesik, Piotr"]
[Result "1/2-1/2"]
[WhiteElo "2179"]
[BlackElo "2216"]
[PlyCount "58"]
[EventDate "2011.??.??"]

1. e4 Nc6 2. Nc3 e5 3. Nf3 Nf6 4. d4 exd4 5. Nxd4 Bb4 6. Nxc6 bxc6 7. Bd3 d5 8.
exd5 cxd5 9. O-O O-O 10. Bg5 c6 11. Qf3 Be7 12. Rae1 Re8 13. h3 Be6 14. Ne2 h6
15. Bc1 Ne4 16. Nd4 Ng5 17. Bxg5 Bxg5 18. Nxe6 Rxe6 19. Rxe6 fxe6 20. Qg4 Qd6
21. f4 Bf6 22. Re1 Re8 23. Qg6 Kf8 24. Qh7 Ke7 25. Qg6 Kf8 26. Qh7 Ke7 27. Qg6
Kd7 28. Qg4 Re7 29. b3 Kc7 1/2-1/2

[Event "Chorzow 2011"]
[Site "Chorzow"]
[Date "2011.03.29"]
[Round "4.3"]
[White "Kastelik, Adrian"]
[Black "Blasiak, Miroslaw"]
[Result "1-0"]
[WhiteElo "1996"]
[BlackElo "1952"]
[PlyCount "95"]
[EventDate "2011.??.??"]

1. e4 e5 2. Nf3 Nc6 3. Bc4 Nf6 4. d4 exd4 5. O-O Nxe4 6. Re1 d5 7. Bxd5 Qxd5 8.
Nc3 Qa5 9. Nxe4 Be6 10. Neg5 O-O-O 11. Nxe6 fxe6 12. Rxe6 Bd6 13. Bg5 Rde8 14.
Qe1 Qxe1+ 15. Raxe1 Kd7 16. Rxe8 Rxe8 17. Rxe8 Kxe8 18. Bd2 Kd7 19. Kf1 h6 20.
Ke2 Ke6 21. Kd3 Kd5 22. Nxd4 Nxd4 23. c4+ Ke6 24. Kxd4 Be5+ 25. Ke4 Bxb2 26. g4
c6 27. Be3 b6 28. f4 Bf6 29. a4 Bc3 30. f5+ Kf6 31. h4 Bb2 32. g5+ hxg5 33.
hxg5+ Kf7 34. c5 bxc5 35. Bxc5 a6 36. Bd4 Ba3 37. g6+ Kf8 38. Ke5 Bb4 39. Be3
Ke7 40. Bg5+ Kf8 41. Ke6 Ba3 42. Kd7 c5 43. Be7+ Kg8 44. Kc6 Bb4 45. Bxc5 Bc3
46. Kb6 a5 47. Kb5 Bd2 48. Bb6 1-0

[Event "Chorzow 2011"]
[Site "Chorzow"]
[Date "2011.03.28"]
[Round "4.4"]
[White "Stepaniec, Lukasz"]
[Black "Juroszek, Tadeusz"]
[Result "1/2-1/2"]
[WhiteElo "1916"]
[BlackElo "2355"]
[PlyCount "148"]
[EventDate "2011.??.??"]

1. d4 d5 2. Nf3 e6 3. c4 c6 4. e3 Nf6 5. Be2 Nbd7 6. O-O Bd6 7. Nc3 dxc4 8.
Bxc4 O-O 9. e4 e5 10. Bg5 Qe7 11. Qc2 exd4 12. Nxd4 Bxh2+ 13. Kh1 Nb6 14. Bd3
Be5 15. Nde2 h6 16. Bh4 Qc5 17. f4 Bxc3 18. Nxc3 Qh5 19. g3 Bh3 20. Be2 Bg4 21.
e5 Nfd5 22. Bxg4 Qxg4 23. Qe2 Qxe2 24. Nxe2 Nc4 25. Rf3 Nce3 26. Nc3 Nf5 27.
Nxd5 cxd5 28. Rd1 d4 29. Kh2 Rac8 30. Rfd3 Rc2+ 31. R1d2 Rxd2+ 32. Rxd2 Kh7 33.
Kh3 h5 34. g4 hxg4+ 35. Kxg4 Kg6 36. Bf2 Rd8 37. Kf3 Kh5 38. Be1 Ne3 39. b3 Kg6
40. Bf2 Nf5 41. Ke4 a6 42. Rd3 Rc8 43. Bxd4 Rc2 44. a3 Re2+ 45. Kf3 Ra2 46. Bc5
Rc2 47. Bb4 Rb2 48. Bc5 Rc2 49. Bb4 b6 50. Be1 b5 51. a4 bxa4 52. bxa4 Ra2 53.
a5 Ra4 54. Kg4 Nh6+ 55. Kf3 Kf5 56. Bd2 Ng4 57. Rd7 Ra3+ 58. Ke2 Nh6 59. Rd6
Ke4 60. Rxa6 Nf5 61. Rb6 Nd4+ 62. Kd1 Ra1+ 63. Bc1 Rxa5 64. Rb4 Kd3 65. Bb2 Nf5
66. Rb3+ Ke4 67. Rb4+ Kf3 68. Bc1 Rd5+ 69. Ke1 Nd4 70. Rc4 g6 71. Rc7 Ne2 72.
Bd2 Nxf4 73. Bxf4 Kxf4 74. Rxf7+ Kxe5 1/2-1/2

[Event "Chorzow 2011"]
[Site "Chorzow"]
[Date "2011.03.29"]
[Round "4.5"]
[White "Mulet, Piotr"]
[Black "Kaczmarek, Aleksander"]
[Result "1/2-1/2"]
[WhiteElo "2334"]
[BlackElo "2036"]
[PlyCount "26"]
[EventDate "2011.??.??"]

1. e4 c6 2. d4 d5 3. e5 c5 4. dxc5 e6 5. Nf3 Bxc5 6. Bd3 Nc6 7. O-O Nge7 8. Bf4
Qc7 9. Nc3 a6 10. a3 Ba7 11. Bg3 Bd7 12. Qd2 h6 13. Qf4 f5 1/2-1/2

[Event "Chorzow 2011"]
[Site "Chorzow"]
[Date "2011.03.29"]
[Round "4.6"]
[White "Sroka, Janusz"]
[Black "Mucha, Piotr"]
[Result "1/2-1/2"]
[WhiteElo "2091"]
[BlackElo "1707"]
[PlyCount "93"]
[EventDate "2011.??.??"]

1. d3 g6 2. Nf3 Bg7 3. g3 Nf6 4. Bg2 O-O 5. O-O c5 6. e4 Nc6 7. c3 d5 8. Qe2 e6
9. Nbd2 b5 10. Nh4 Qb6 11. Kh1 c4 12. d4 dxe4 13. Nxe4 Nxe4 14. Qxe4 Bb7 15.
Bg5 Na5 16. Qe2 Bxg2+ 17. Nxg2 Qc6 18. Kg1 Rab8 19. a3 Rfe8 20. Rad1 Nb3 21. h4
a5 22. Rfe1 e5 23. d5 Qd6 24. Be3 Rbd8 25. h5 Nc5 26. Bxc5 Qxc5 27. hxg6 hxg6
28. Qf3 Rd6 29. Re2 Red8 30. Ne3 f5 31. Kg2 Bh6 32. Red2 e4 33. Qe2 Bxe3 34.
fxe3 Rxd5 35. Rxd5 Rxd5 36. Rd4 Rxd4 37. exd4 Qd5 38. Qe3 Kg7 39. Kf2 Qd8 40.
Qf4 Qe7 41. Ke3 b4 42. axb4 axb4 43. Ke2 bxc3 44. bxc3 Qb7 45. Qe5+ Kf7 46. Ke3
Qb1 47. Qc7+ 1/2-1/2

[Event "Chorzow 2011"]
[Site "Chorzow"]
[Date "2011.03.29"]
[Round "4.7"]
[White "Solek, Zenon"]
[Black "Polok, Kacper"]
[Result "0-1"]
[WhiteElo "1870"]
[BlackElo "2046"]
[PlyCount "42"]
[EventDate "2011.??.??"]

1. e4 c5 2. Nf3 d6 3. d4 cxd4 4. Nxd4 Nf6 5. Nc3 a6 6. Bg5 Nbd7 7. f4 Qc7 8.
Qf3 h6 9. Bh4 g5 10. Bg3 gxf4 11. Bxf4 e5 12. Ndb5 axb5 13. Nxb5 Qc6 14. Bg3
Be7 15. Nc3 Ra5 16. O-O-O Nc5 17. b4 Bg4 18. bxa5 Bxf3 19. Bb5 Bxd1 20. Rxd1
Nfxe4 21. Bxc6+ bxc6 0-1

[Event "Chorzow 2011"]
[Site "Chorzow"]
[Date "2011.03.29"]
[Round "4.8"]
[White "Wiecek, Pawel"]
[Black "Wozniak, Dawid"]
[Result "1-0"]
[WhiteElo "2043"]
[BlackElo "1917"]
[PlyCount "89"]
[EventDate "2011.??.??"]

1. e4 c6 2. d4 d5 3. Nc3 dxe4 4. Nxe4 Bf5 5. Ng3 Bg6 6. Nh3 e6 7. Nf4 Bd6 8.
Ngh5 Bxf4 9. Nxf4 Ne7 10. Nxg6 Nxg6 11. c3 Qd5 12. h4 Nd7 13. h5 Qe4+ 14. Qe2
Qxe2+ 15. Bxe2 Ne7 16. Bd2 O-O 17. O-O-O b5 18. b3 a5 19. Kc2 Rfc8 20. Rh3 Nd5
21. a3 Rab8 22. c4 bxc4 23. bxc4 N5f6 24. Bxa5 Ne4 25. Re3 Nd6 26. Bb4 Nf5 27.
Rb3 g6 28. g4 Ng7 29. h6 Ne8 30. g5 f5 31. Rdb1 Kf7 32. Bd2 Rxb3 33. Rxb3 Rb8
34. Rxb8 Nxb8 35. Bf4 Nd7 36. a4 Ke7 37. a5 Nd6 38. c5 Nc8 39. Bc7 Na7 40. Bb6
Nc8 41. Bc7 Na7 42. Ba6 Kf7 43. Bb6 Nb8 44. Bb7 Nb5 45. Kd3 1-0

[Event "Chorzow 2011"]
[Site "Chorzow"]
[Date "2011.03.29"]
[Round "4.10"]
[White "Galyga, Jozef"]
[Black "Zowada, Kazimierz"]
[Result "0-1"]
[WhiteElo "1946"]
[BlackElo "2146"]
[PlyCount "88"]
[EventDate "2011.??.??"]

1. e4 g6 2. Nf3 Bg7 3. Nc3 d6 4. g3 c5 5. Bg2 Nc6 6. d3 Nf6 7. O-O O-O 8. Re1
e5 9. Bg5 h6 10. Bd2 Be6 11. a3 Rb8 12. a4 a6 13. Rf1 b5 14. axb5 axb5 15. Ne1
d5 16. exd5 Nxd5 17. Nxb5 Rxb5 18. c4 Rxb2 19. cxd5 Bxd5 20. Qc1 Bxg2 21. Nxg2
Rxd2 22. Qxd2 e4 23. Rad1 Ne5 24. Ne1 exd3 25. Qe3 c4 26. Nf3 Nxf3+ 27. Qxf3
Qd4 28. Rfe1 f5 29. Re7 d2 30. Qc6 c3 31. Rd7 Qe5 32. Rc7 g5 33. Qd7 f4 34. Rc8
f3 35. Rf1 Rxc8 36. Qxc8+ Kh7 37. Qc4 Qf5 38. Qb4 Qd3 39. Qb3 Qe4 40. Qd1 h5
41. h3 h4 42. g4 Be5 43. Qb3 Qf4 44. Qb7+ Bc7 0-1

[Event "Chorzow 2011"]
[Site "Chorzow"]
[Date "2011.03.29"]
[Round "4.11"]
[White "Rychlik, Bogdan"]
[Black "Przybylka, Damian"]
[Result "1/2-1/2"]
[WhiteElo "1823"]
[BlackElo "2061"]
[PlyCount "70"]
[EventDate "2011.??.??"]

1. e4 e6 2. d4 d5 3. exd5 exd5 4. Bd3 c5 5. dxc5 Bxc5 6. Nf3 Nf6 7. O-O O-O 8.
Bg5 h6 9. Bh4 g5 10. Bg3 Ne4 11. Nc3 f5 12. Bxb8 Nxc3 13. bxc3 Rxb8 14. Nd4 Qf6
15. Qf3 Qd6 16. Nxf5 Bxf5 17. Bxf5 Qe5 18. g4 Bd6 19. Qg2 Kg7 20. Rad1 Rbd8 21.
Rd3 Rf6 22. Rfd1 Bc7 23. Re3 Qf4 24. Rd4 Qd6 25. Red3 Qe5 26. Rd1 Rc6 27. c4
Rxc4 28. Rxc4 dxc4 29. Rxd8 Qe1+ 30. Qf1 Qxf1+ 31. Kxf1 Bxd8 32. Bc8 b6 33. Ke2
Bc7 34. h3 Be5 35. Ke3 Kf6 1/2-1/2

[Event "Chorzow 2011"]
[Site "Chorzow"]
[Date "2011.03.29"]
[Round "4.12"]
[White "Bojdol, Robert"]
[Black "Kazek, Krzysztof"]
[Result "1/2-1/2"]
[WhiteElo "2053"]
[BlackElo "2000"]
[PlyCount "91"]
[EventDate "2011.??.??"]

1. e4 c5 2. Nf3 e6 3. d4 cxd4 4. Nxd4 Nc6 5. Nc3 Qc7 6. Be3 a6 7. Bd3 Nf6 8.
O-O Ne5 9. Nf3 d6 10. Qe2 Be7 11. h3 b5 12. a4 Nxd3 13. cxd3 bxa4 14. Nxa4 Qb7
15. Rfc1 O-O 16. Rc3 Bd7 17. Nb6 Rab8 18. Rac1 Bd8 19. Nc4 d5 20. Nd6 Qxb2 21.
R3c2 Qb3 22. Ba7 Ra8 23. Nd4 Qa4 24. Ra2 Qxa2 25. Qxa2 Rxa7 26. e5 Ne8 27. N4b5
Ra8 28. f4 Nxd6 29. Nxd6 Bb5 30. Nxb5 axb5 31. Qb3 Rb8 32. f5 Bb6+ 33. Kh1 Bd4
34. Re1 Rfc8 35. Qd1 exf5 36. Qf3 Bc3 37. Rb1 Bxe5 38. Qxd5 Bf6 39. Rxb5 Rxb5
40. Qxb5 g6 41. g3 Rd8 42. Kg2 h5 43. h4 Kg7 44. Kf3 Rd4 45. Ke3 Rg4 46. Kf3
1/2-1/2

[Event "Chorzow 2011"]
[Site "Chorzow"]
[Date "2011.03.29"]
[Round "4.13"]
[White "Karpacz, Piotr"]
[Black "Michalski, Edmund"]
[Result "0-1"]
[WhiteElo "1747"]
[BlackElo "1910"]
[PlyCount "112"]
[EventDate "2011.??.??"]

1. d4 d5 2. c4 e6 3. cxd5 exd5 4. Nc3 Nf6 5. Bg5 c6 6. e3 Bf5 7. Bd3 Bxd3 8.
Qxd3 Nbd7 9. Nge2 Qc7 10. a3 Bd6 11. h3 O-O 12. O-O Rfe8 13. Rac1 Qa5 14. Rfd1
Ne4 15. Nxe4 dxe4 16. Qb3 Qxg5 17. Qxb7 Nb6 18. Qxc6 Qe7 19. Qb5 Rac8 20. Nc3
h6 21. b4 Qe6 22. Na4 Rxc1 23. Rxc1 Nxa4 24. Qxa4 Rc8 25. Rd1 Rc7 26. Qa5 Qc8
27. Qd5 Qe6 28. Qa8+ Kh7 29. Rf1 f5 30. g3 Qg6 31. Kh2 h5 32. Qd8 Rc2 33. Qh4
Ra2 34. Kh1 Rxa3 35. Rg1 Ra2 36. g4 fxg4 37. hxg4 Qf7 38. Qxh5+ Qxh5+ 39. gxh5
Rxf2 40. Ra1 Bb8 41. d5 Rd2 42. Ra5 Bd6 43. Rxa7 Bxb4 44. Ra4 Bc5 45. Rxe4 Rxd5
46. Kg2 Rxh5 47. Re6 Rf5 48. Kg3 Kg8 49. Kg4 Rf1 50. e4 Kf7 51. Rc6 Be7 52. Rc2
Ke6 53. Kg3 Bd6+ 54. Kg2 Rf4 55. Rc4 Ke5 56. Ra4 Rxe4 0-1

[Event "Chorzow 2011"]
[Site "Chorzow"]
[Date "2011.03.29"]
[Round "4.14"]
[White "Karcz, Bartlomiej"]
[Black "Faron, Rafal"]
[Result "1-0"]
[WhiteElo "1906"]
[BlackElo "1798"]
[PlyCount "59"]
[EventDate "2011.??.??"]

1. e4 c5 2. Nc3 e6 3. Bc4 a6 4. d3 Qc7 5. a4 b6 6. f4 d6 7. Nf3 Nd7 8. f5 exf5
9. Nd5 Qd8 10. exf5 Ngf6 11. Qe2+ Be7 12. Ng5 Ne5 13. Nxf6+ gxf6 14. Bd5 Ra7
15. Ne4 Bb7 16. Nc3 Qa8 17. Qe4 Rg8 18. h3 Kd7 19. O-O Bxd5 20. Nxd5 Qb7 21. d4
Nc6 22. Re1 Kd8 23. c3 cxd4 24. cxd4 b5 25. Bd2 bxa4 26. Rxa4 Qxb2 27. Ba5+ Kc8
28. Nxe7+ Nxe7 29. Rc4+ Kb8 30. Rb4+ 1-0

[Event "Chorzow 2011"]
[Site "Chorzow"]
[Date "2011.03.29"]
[Round "4.15"]
[White "Heimann, Adrian"]
[Black "Fraczek, Leslaw"]
[Result "1-0"]
[WhiteElo "1806"]
[BlackElo "1887"]
[PlyCount "40"]
[EventDate "2011.??.??"]

1. d4 Nf6 2. c4 g6 3. Nc3 Bg7 4. e4 d6 5. Nf3 O-O 6. Be2 Nbd7 7. O-O e5 8. d5
Nc5 9. Qc2 a5 10. Be3 Ne8 11. Nd2 f5 12. f3 f4 13. Bf2 g5 14. a3 h5 15. b4 Nd7
16. c5 Ndf6 17. Nc4 axb4 18. axb4 Rxa1 19. Rxa1 Nh7 20. Ra8 Nef6 1-0

[Event "Chorzow 2011"]
[Site "Chorzow"]
[Date "2011.03.29"]
[Round "4.16"]
[White "Klementys, Jerzy"]
[Black "Marek, Eugeniusz"]
[Result "0-1"]
[WhiteElo "1781"]
[BlackElo "1886"]
[PlyCount "108"]
[EventDate "2011.??.??"]

1. d4 Nf6 2. c4 g6 3. Nc3 Bg7 4. Nf3 d6 5. g3 O-O 6. Bg2 c6 7. O-O Qc7 8. e4 e5
9. d5 Na6 10. Bg5 h6 11. Be3 Qe7 12. h3 Kh7 13. a3 c5 14. Qd3 Nh5 15. Nh2 f5
16. g4 fxg4 17. hxg4 Nf4 18. Bxf4 Rxf4 19. Ne2 Rf7 20. Rab1 Qg5 21. Qe3 Bf6 22.
Qxg5 Bxg5 23. Rfd1 Bd7 24. Rd3 Raf8 25. f3 b5 26. b3 Rb8 27. Nc3 bxc4 28. bxc4
Rff8 29. Rdd1 Rxb1 30. Rxb1 Rb8 31. Rxb8 Nxb8 32. Nf1 a6 33. Kf2 Bc1 34. Nb1
Ba4 35. Nfd2 Bc2 36. Bf1 Nd7 37. Be2 Nb6 38. Ke1 Kg7 39. Bd1 Bd3 40. Be2 Bxe2
41. Kxe2 Kf6 42. Kd3 Kg5 43. Nb3 Bb2 44. Na5 Kf4 45. Nd2 Bxa3 46. Nb7 Nc8 47.
Nd8 Bb4 48. Ne6+ Kg3 49. Nf8 Ne7 50. Nh7 Bxd2 51. Kxd2 Kxf3 52. Nf6 Kf4 53. Kd3
Kg5 54. Ne8 Nc8 0-1

[Event "Chorzow 2011"]
[Site "Chorzow"]
[Date "2011.03.29"]
[Round "4.18"]
[White "Rosicki, Marcin"]
[Black "Wiechowski, Bronislaw"]
[Result "1-0"]
[WhiteElo "1560"]
[BlackElo "1884"]
[PlyCount "85"]
[EventDate "2011.??.??"]

1. e4 e5 2. Nf3 Bc5 3. Nxe5 d6 4. Nf3 Bg4 5. Be2 a6 6. d4 Ba7 7. h3 Bd7 8. Bg5
Ne7 9. Nc3 c6 10. Qd2 b5 11. Bf4 Bc8 12. O-O O-O 13. Bd3 Ng6 14. Bg3 f5 15.
exf5 Bxf5 16. Bxf5 Rxf5 17. Qd3 Rf7 18. Ne4 d5 19. Neg5 Rf6 20. Be5 Nd7 21.
Bxf6 Qxf6 22. Rfe1 Rf8 23. Re6 Qf5 24. Qxf5 Rxf5 25. Rae1 Bxd4 26. Re8+ Ndf8
27. Nxd4 Rxg5 28. Ne6 Rf5 29. Nxf8 Rxf8 30. Rxf8+ Nxf8 31. Re8 Kf7 32. Rc8 Ne6
33. Rxc6 Nd4 34. Rxa6 Nxc2 35. Rb6 Ke7 36. Rxb5 Kd6 37. Kf1 h5 38. Rb3 Ke5 39.
Rc3 Nd4 40. a4 Nf5 41. a5 Nd6 42. a6 d4 43. a7 1-0

[Event "Chorzow 2011"]
[Site "Chorzow"]
[Date "2011.03.29"]
[Round "4.19"]
[White "Ociepka, Tomasz"]
[Black "Santura, Janusz"]
[Result "1/2-1/2"]
[WhiteElo "1894"]
[BlackElo "1900"]
[PlyCount "107"]
[EventDate "2011.??.??"]

1. e4 c6 2. d4 d5 3. exd5 cxd5 4. c4 Nf6 5. Nf3 e6 6. Nc3 Bb4 7. Bd3 dxc4 8.
Bxc4 Qc7 9. Qb3 Bxc3+ 10. bxc3 O-O 11. O-O Nbd7 12. Re1 b6 13. Ne5 Nxe5 14.
dxe5 Nd7 15. Ba3 Nc5 16. Qc2 Bb7 17. Rad1 Rfd8 18. Rxd8+ Rxd8 19. f3 h6 20. Qe2
a6 21. Rc1 b5 22. Bb3 Nd3 23. Rd1 Qb6+ 24. Kf1 Nf4 25. Rxd8+ Qxd8 26. Qe3 Nd5
27. Qc5 Qc8 28. c4 bxc4 29. Bxc4 Ne3+ 30. Qxe3 Qxc4+ 31. Qe2 Qxe2+ 32. Kxe2 Bd5
33. Be7 Bxa2 34. Ke3 Kh7 35. Kf4 g5+ 36. Kg4 Kg6 37. f4 h5+ 38. Kg3 h4+ 39. Kg4
gxf4 40. Kxf4 Kh5 41. Bd8 Bd5 42. g4+ hxg3 43. hxg3 Kg6 44. g4 Bb3 45. Ke3 Bd1
46. g5 Kf5 47. Kd4 Kf4 48. Bf6 a5 49. Kc4 a4 50. Kb4 Ke4 51. Ka3 Kd5 52. Kb4
Kd4 53. Ka3 Kc4 54. Bg7 1/2-1/2

[Event "Chorzow 2011"]
[Site "Chorzow"]
[Date "2011.03.28"]
[Round "4.20"]
[White "Buchowski, Adam"]
[Black "Gora, Tomasz"]
[Result "0-1"]
[WhiteElo "1839"]
[BlackElo "1868"]
[PlyCount "144"]
[EventDate "2011.??.??"]

1. Nf3 Nf6 2. c4 e6 3. b3 d5 4. Bb2 Be7 5. g3 dxc4 6. bxc4 b6 7. Bg2 Bb7 8. O-O
O-O 9. d3 c5 10. Nbd2 Nc6 11. a3 Qc7 12. Qc2 Rfe8 13. Rad1 Rad8 14. Nb1 e5 15.
Nc3 Nd4 16. Nxd4 exd4 17. Nb1 Bxg2 18. Kxg2 Ng4 19. Nd2 f5 20. h3 Ne5 21. f4
Nf7 22. Nf3 Bd6 23. Bc1 Re6 24. Ng1 Rde8 25. Rf3 Qb7 26. Re1 g6 27. Kh2 Bf8 28.
Rf2 h6 29. Ref1 Bg7 30. Rg2 Kh7 31. Bd2 Bf6 32. Qb1 Qa6 33. Qb3 Nd6 34. Bc1 Qb7
35. Qa4 R8e7 36. Bd2 Qc7 37. Qd1 Ne8 38. Qe1 Ng7 39. Qf2 g5 40. Qf3 Kg6 41. Kh1
Qb7 42. Qf2 Qa8 43. Bc1 Qe8 44. Qf3 a6 45. g4 Qc6 46. Qf2 Kh7 47. gxf5 Re3 48.
Bxe3 Rxe3 49. fxg5 hxg5 50. Nf3 Nh5 51. Rg4 Nf4 52. Rxf4 gxf4 53. Qg2 Qe8 54.
Rf2 Qh5 55. Qg4 Kh6 56. Rg2 Qxg4 57. hxg4 Bd8 58. g5+ Kg7 59. Kg1 b5 60. cxb5
axb5 61. Nd2 Ba5 62. Ne4 c4 63. f6+ Kg6 64. Rh2 Rxe4 65. dxe4 c3 66. Kg2 c2 67.
Rh1 Bd2 68. e5 c1=Q 69. Rxc1 Bxc1 70. Kf3 Kxg5 71. Ke4 Bxa3 72. Kd5 f3 0-1

[Event "Chorzow 2011"]
[Site "Chorzow"]
[Date "2011.03.29"]
[Round "4.21"]
[White "Richter, Bronislaw"]
[Black "Hendel, Kazimierz"]
[Result "1-0"]
[WhiteElo "1802"]
[BlackElo "1679"]
[PlyCount "67"]
[EventDate "2011.??.??"]

1. d4 d5 2. e4 dxe4 3. Nc3 Nf6 4. Bc4 g6 5. f3 e3 6. Bxe3 Bg7 7. Nge2 O-O 8.
Qd2 Re8 9. g4 c6 10. h4 Nd5 11. Bxd5 cxd5 12. h5 Nc6 13. hxg6 fxg6 14. O-O-O
Na5 15. Bh6 Nc4 16. Qf4 e5 17. Qh2 Bf6 18. b3 exd4 19. Nxd4 Ne5 20. Bf4 h5 21.
gxh5 g5 22. Qg2 Kh7 23. Bd2 Nd3+ 24. cxd3 Bxd4 25. Bxg5 Rg8 26. Bxd8 Rxg2 27.
Nxd5 Rxa2 28. Bf6 Be6 29. Bxd4 Bxd5 30. Rdg1 Rg8 31. Rxg8 Bxg8 32. Rg1 Bxb3 33.
Rg7+ Kh6 34. Rxb7 1-0